Bases fisiológicas e indicaciones de las transfusiones de sangre y de plasma / (Record no. 127865)

MARC details
000 -LEADER
campo de control de longitud fija 00463nam a2200145 4500
001 - NÚMERO DE CONTROL
campo de control 127865
003 - IDENTIFICADOR DE NÚMERO DE CONTROL
campo de control ES-MaACL
007 - CAMPO FIJO DE DESCRIPCIÓN FÍSICA--INFORMACIÓN GENERAL
campo de control de longitud fija t|
008 - DATOS DE LONGITUD FIJA--INFORMACIÓN GENERAL
campo de control de longitud fija 070214s1956 sp r ||||1| spa d
100 1# - ENTRADA PRINCIPAL--NOMBRE DE PERSONA
Nombre de persona Rivera Bandrés, Julio.
9 (RLIN) 97635
245 10 - MENCIÓN DEL TÍTULO
Título Bases fisiológicas e indicaciones de las transfusiones de sangre y de plasma /
Mención de responsabilidad, etc. Julio Rivera Bandrés.
260 ## - PUBLICACIÓN, DISTRIBUCIÓN, ETC.
Lugar de publicación, distribución, etc. Madrid :
Nombre del editor, distribuidor, etc. Marbán,
Fecha de publicación, distribución, etc. 1956.
300 ## - DESCRIPCIÓN FÍSICA
Extensión 436 p., 1 lám. ;
Dimensiones 25 cm.
852 ## - LOCALIZACIÓN
Ubicación ES-MaACL
Número de control de estantería C-9867
Sublocalización o colección R.38460
Holdings
Estatus retirado Estado de pérdida Estado de daño No para préstamo Biblioteca de origen Biblioteca actual Ubicación en estantería Fecha de adquisición Fuente de adquisición Total de préstamos Signatura topográfica completa Código de barras Visto por última vez Precio de reemplazo Tipo de ítem Koha
        Biblioteca del Ateneo de Madrid Biblioteca del Ateneo de Madrid Sala Palomar 17/01/2008     C-9867 1133177 23/02/2023 23/02/2023 Libro impreso